000 00774cam a2200265 a 4500
005 20250715130959.0
008 840822s1985 mau b 001 0 eng
020 _a9780674295322
020 _a9780674165380
043 _an-us---
082 0 0 _a342.73 TRI
100 1 _aTribe, Laurence H.
245 1 0 _aConstitutional choices
260 _aCambridge
_bHarvard University Press
_c1985
300 _axiv, 458
336 _atext
_btxt
_2rdacontent
337 _aunmediated
_bn
_2rdamedia
338 _avolume
_bnc
_2rdacarrier
500 _aIncludes indexes.
650 0 _aConstitutional law
650 0 _zUnited States.
906 _a7
_bcbc
_corignew
_d1
_eocip
_f19
_gy-gencatlg
942 _cLL
999 _c300599
_d300599